Statistiken für Stadt zu Bundesland #2

Klicken Sie hier um das Quiz zu spielen!

Allgemein

  • Dieses Quiz wurde 123 mal gespielt
  • Das Durchschnittsergebnis liegt bei 12 aus 13

Antwortstatistiken

StadtBundesland% Korrekt
BambergBayern
99%
FlensburgSchleswig-Holstein
98%
Frankfurt (Oder)Brandenburg
96%
GießenHessen
96%
LüneburgNiedersachsen
96%
ZwickauSachsen
96%
JenaThüringen
96%
KonstanzBaden-Württemberg
95%
Dessau-RoßlauSachsen-Anhalt
92%
WormsRheinland-Pfalz
91%
WismarMecklenburg-Vorpommern
89%
LünenNordrhein-Westfalen
89%
HomburgSaarland
86%

Verteilung der Resultate

Perzentil nach korrekt beantworteten Fragen

Anzahl Personen mit jedem Resultat

Ihre Resultats-Entwicklung

Sie haben dieses Quiz noch nicht gespielt